| 000 | 00336cam a22001217a 4500 | ||
|---|---|---|---|
| 008 | 180718b1945 xxu||||| |||| 00| 0 eng d | ||
| 082 | _aI5113 B228 | ||
| 100 | _aBapineedu, Maganti | ||
| 245 |
_aThe Successful secretary _cby Maganti Bapineedu |
||
| 260 |
_aMadras _bVisaalandhra _c1945 |
||
| 300 | _a125p. | ||
| 650 | _aSecretaries, Private | ||
| 999 |
_c359000 _d359000 |
||